000 00289nam a22001337a 4500
008 170606b xxu||||| |||| 00| 0 eng d
020 _a0231070136
041 _aeng
080 _a32
100 _a18
101 _aSHH
245 _aSAVING THE MEDITERRANEAN
_cHAAS, P.M
942 _2udc
_cBK
999 _c16050
_d16050